[Event "AUTO-OPEN-389"]
[Site "http://www.queenalice.com/game.php?id=106531"]
[Date "2006.9.16"]
[Round "1"]
[White "ak_9106"]
[Black "cappapleta"]
[Result "0-1"]
[WhiteElo "1244"]
[BlackElo "2048"]

1. e4 e5 2. Nf3 Nc6 3. Bb5 Nf6 4. O-O Nxe4 5. d4 exd4 6. Re1 f5 7. Bg5 Be7 8.
Bxc6 Nxg5 9. Bd5 Nxf3+ 10. Qxf3 c6 11. Bb3 d5 12. Qh5+ g6 13. Qh6 Kf7 14. Nd2
Bg5 0-1

[Event "AUTO-OPEN-389"]
[Site "http://www.queenalice.com/game.php?id=106556"]
[Date "2006.9.16"]
[Round "1"]
[White "erickeek"]
[Black "ak_9106"]
[Result "0-1"]
[WhiteElo "1588"]
[BlackElo "1462"]

1. e4 e5 2. Qf3 Nf6 3. Nc3 Nc6 4. Bc4 Nd4 5. Qg3 Nxc2+ 6. Kf1 Nxa1 7. Qxe5+ Be7
8. Nf3 c6 9. Ng5 O-O 10. Nxf7 Rxf7 11. Bxf7+ Kxf7 12. d4 Nc2 13. d5 cxd5 14.
Nxd5 Nxd5 15. Qxd5+ Kf8 16. Qf5+ Kg8 17. Bf4 d5 18. Qxd5+ Qxd5 19. exd5 b6 20.
d6 Ba6+ 21. Kg1 Rd8 22. f3 Bxd6 23. Bxd6 Rxd6 24. h4 Rd2 25. g4 Ne3 26. Rh2 Rxh2
27. Kxh2 Bb7 28. Kg3 Nc4 29. b4 Ne3 30. Kf2 Nc2 31. a3 Nxa3 32. g5 a5 33. bxa5
bxa5 34. f4 a4 35. Ke2 Nc4 36. Kd1 a3 37. Kc2 Bd5 38. Kb3 Kf7 39. Kb4 Ke6 40.
Kc5 a2 41. f5+ Kxf5 42. Kxd5 a1=Q 43. Kxc4 Qd1 44. Kc5 Ke5 45. Kb6 Qc2 46. Ka6
Qb2 0-1

[Event "AUTO-OPEN-389"]
[Site "http://www.queenalice.com/game.php?id=106557"]
[Date "2006.9.16"]
[Round "1"]
[White "ak_9106"]
[Black "erickeek"]
[Result "1-0"]
[WhiteElo "1388"]
[BlackElo "1863"]

1. e4 d5 2. exd5 Qxd5 3. Nc3 Qe5+ 4. Be2 Bg4 5. h3 Bxe2 6. Ngxe2 c5 7. O-O e6 8.
d4 cxd4 9. Bf4 Qf5 10. Qxd4 Nc6 11. Qa4 e5 12. Rfe1 O-O-O 13. Be3 Nf6 14. Bxa7
Nxa7 15. Qxa7 Bd6 16. Nb5 Ne4 17. Nxd6+ Nxd6 18. Rad1 Ne4 19. Rxd8+ Rxd8 20. f3
Nf6 21. Nc3 Rd2 22. Qc5+ Kb8 23. Nb5 Rd5 24. Qc7+ Ka8 25. Re3 Rd1+ 26. Kf2 Rd2+
27. Ke1 Rxc2 28. Ra3# 1-0

[Event "AUTO-OPEN-389"]
[Site "http://www.queenalice.com/game.php?id=106572"]
[Date "2006.9.16"]
[Round "1"]
[White "alexp71"]
[Black "ak_9106"]
[Result "1-0"]
[WhiteElo "1960"]
[BlackElo "1423"]

1. c4 Nf6 2. Nf3 d5 3. cxd5 Nxd5 4. e4 Nb6 5. d4 Bg4 6. Be2 Nc6 7. d5 Bxf3 8.
Bxf3 Ne5 9. O-O c6 10. dxc6 bxc6 11. Be2 e6 12. Be3 Nec4 13. Bd4 e5 14. Bc3 f6
15. Qb3 Nd6 16. Bb4 Qd7 17. Rd1 Rd8 18. Nc3 Qf7 19. Qa3 Qd7 20. Rac1 Be7 21. Rd2
O-O 22. Rcd1 Nbc8 23. Qb3+ Kh8 24. Ba5 Rde8 25. Bh5 g6 26. Be2 Qb7 27. Qa4 f5
28. Bf3 fxe4 29. Nxe4 Nb5 30. Bc3 Nb6 31. Bxe5+ Kg8 32. Qb3+ 1-0

[Event "AUTO-OPEN-389"]
[Site "http://www.queenalice.com/game.php?id=106573"]
[Date "2006.9.16"]
[Round "1"]
[White "ak_9106"]
[Black "alexp71"]
[Result "0-1"]
[WhiteElo "1344"]
[BlackElo "1987"]

1. e4 Nc6 2. d4 e6 3. Nf3 Nf6 4. Bg5 Be7 5. Nc3 d5 6. e5 Ne4 7. Bc1 O-O 8. Bb5
Bb4 9. Bd2 Nxd2 10. Qxd2 Bd7 11. a3 Bxc3 12. bxc3 Nxe5 13. Bxd7 Nxf3+ 14. gxf3
Qxd7 15. Rg1 g6 16. h4 Rae8 17. h5 e5 18. O-O-O Qa4 19. Kb2 Re6 0-1

[Event "AUTO-BEG-32"]
[Site "http://www.queenalice.com/game.php?id=116106"]
[Date "2006.10.12"]
[Round "1"]
[White "elpiada"]
[Black "ak_9106"]
[Result "0-1"]
[WhiteElo "1478"]
[BlackElo "1423"]

1. e4 e5 2. Bc4 Nf6 3. Qf3 Nc6 4. Qb3 d5 5. Be2 Nd4 6. Qg3 Nxc2+ 7. Kf1 Nxa1 8.
Qc3 d4 9. Qc4 Be6 10. Qb5+ Nd7 11. Nf3 c6 12. Qxb7 Bxa2 13. Na3 Rb8 14. Qxc6 Rc8
15. Qd5 Rxc1+ 16. Ne1 Rxe1+ 17. Kxe1 Bxd5 18. exd5 Bxa3 19. bxa3 Qb6 0-1

[Event "AUTO-BEG-32"]
[Site "http://www.queenalice.com/game.php?id=116107"]
[Date "2006.10.12"]
[Round "1"]
[White "ak_9106"]
[Black "elpiada"]
[Result "1-0"]
[WhiteElo "1388"]
[BlackElo "1480"]

1. e4 e5 2. Nf3 Nc6 3. Bb5 a6 4. Ba4 b5 5. Bb3 Nf6 6. O-O Nxe4 7. Re1 d5 8. d4
Bb4 9. c3 Be7 10. dxe5 O-O 11. Bxd5 Bb7 12. Bxe4 Bc5 13. Bxh7+ Kxh7 14. Ng5+ Kh6
15. Ne6+ 1-0

[Event "AUTO-INT-229"]
[Site "http://www.queenalice.com/game.php?id=123585"]
[Date "2006.10.30"]
[Round "1"]
[White "ak_9106"]
[Black "marcosnatal"]
[Result "0-1"]
[WhiteElo "1388"]
[BlackElo "1983"]

1. e4 e5 2. Nf3 Nc6 3. Bb5 a6 4. Ba4 b5 5. Bb3 d6 6. O-O Na5 7. d4 Nxb3 8. axb3
Bg4 9. dxe5 Bxf3 10. Qxf3 dxe5 11. Rd1 Bd6 12. Nc3 Ne7 13. Bg5 f6 14. Be3 O-O
15. Bc5 f5 16. Qh3 Rf6 0-1

[Event "AUTO-INT-229"]
[Site "http://www.queenalice.com/game.php?id=123586"]
[Date "2006.10.30"]
[Round "1"]
[White "marcosnatal"]
[Black "ak_9106"]
[Result "1-0"]
[WhiteElo "1962"]
[BlackElo "1388"]

1. d4 d5 2. c4 c6 3. Nf3 Nf6 4. Bg5 Ne4 5. e3 Nxg5 6. Nxg5 e5 7. Nxf7 Kxf7 8.
Qh5+ Kg8 9. dxe5 Bb4+ 10. Nc3 Be6 11. cxd5 cxd5 12. Bd3 Nc6 13. Ke2 d4 14. Nb5
dxe3 15. f4 Bc4 16. Bxc4+ Kf8 17. Qf7# 1-0

[Event "AUTO-INT-229"]
[Site "http://www.queenalice.com/game.php?id=123588"]
[Date "2006.10.30"]
[Round "1"]
[White "Pampuche"]
[Black "ak_9106"]
[Result "0-1"]
[WhiteElo "1387"]
[BlackElo "1344"]

1. e4 c5 2. Bc4 Nc6 3. Qf3 Ne5 4. Qxf7+ Nxf7 5. Nf3 e6 6. b3 d5 7. exd5 exd5 8.
Bd3 Nf6 9. O-O Be7 10. h3 O-O 11. h4 b6 12. Ng5 Bb7 13. Nxf7 Rxf7 14. h5 d4 15.
g3 Qd5 16. f3 Qg5 17. g4 Nxg4 18. f4 Qd5 19. Be2 Qg2# 0-1

[Event "AUTO-INT-229"]
[Site "http://www.queenalice.com/game.php?id=123589"]
[Date "2006.10.30"]
[Round "1"]
[White "ak_9106"]
[Black "ricvila"]
[Result "1-0"]
[WhiteElo "1452"]
[BlackElo "1141"]

1. e4 e6 2. d4 d5 3. Nc3 Bb4 4. e5 c5 5. a3 Bxc3+ 6. bxc3 cxd4 7. cxd4 Nc6 8.
Qg4 g6 9. Nf3 Nge7 10. Bd3 Bd7 11. O-O Qc7 12. Bg5 O-O-O 13. Bb5 Rhe8 14. Rfb1
f5 15. Qf4 a6 16. a4 axb5 17. axb5 Nb8 18. Ra8 Bxb5 19. Rxb5 b6 20. Qc1 Qb7 21.
Ra3 1-0

[Event "AUTO-INT-229"]
[Site "http://www.queenalice.com/game.php?id=123590"]
[Date "2006.10.30"]
[Round "1"]
[White "ricvila"]
[Black "ak_9106"]
[Result "0-1"]
[WhiteElo "1141"]
[BlackElo "1457"]

1. e4 e5 2. Nf3 Nc6 3. Bc4 Bc5 4. Nc3 Nf6 5. d3 h6 6. O-O d6 7. Re1 Bg4 8. h3
Bh5 9. Be3 Bxe3 10. Rxe3 Nd4 11. Nd5 Nxd5 12. Bxd5 Nxf3+ 13. Rxf3 Bxf3 14. Qxf3
Qf6 15. Qxf6 gxf6 16. Re1 c6 17. Bb3 Ke7 18. Re3 Rhg8 19. Rf3 Rg6 20. Kh2 a5 0-1

[Event "AUTO-BEG-32"]
[Site "http://www.queenalice.com/game.php?id=180265"]
[Date "2007.3.11"]
[Round "2"]
[White "ak_9106"]
[Black "DuckKiller"]
[Result "0-1"]
[WhiteElo "1483"]
[BlackElo "1771"]

1. e4 c5 2. Nf3 e6 3. d4 cxd4 4. Nxd4 Nc6 5. Nb5 d5 6. exd5 exd5 7. Bf4 Qe7+ 8.
Be2 Qb4+ 9. Qd2 Qxd2+ 10. Kxd2 Bb4+ 11. c3 Ba5 12. Nd6+ Kf8 0-1

[Event "AUTO-BEG-32"]
[Site "http://www.queenalice.com/game.php?id=180266"]
[Date "2007.3.11"]
[Round "2"]
[White "DuckKiller"]
[Black "ak_9106"]
[Result "1-0"]
[WhiteElo "1766"]
[BlackElo "1489"]

1. Nf3 d5 2. d4 Nf6 3. Nbd2 c5 4. c3 Nc6 5. e3 Bg4 6. h3 Bh5 7. g4 Bg6 8. Ne5
Nxe5 9. dxe5 Nd7 10. Qb3 Nxe5 11. Qxb7 a6 12. Bxa6 f6 13. Bb5+ 1-0

[Event "AUTO-BEG-32"]
[Site "http://www.queenalice.com/game.php?id=180267"]
[Date "2007.3.11"]
[Round "2"]
[White "ak_9106"]
[Black "PedroAntonio"]
[Result "0-1"]
[WhiteElo "1478"]
[BlackElo "1523"]

1. e4 Nc6 2. d4 Nxd4 3. Qxd4 d6 4. Bc4 e5 5. Qd3 Be6 6. Bxe6 fxe6 7. Qb3 Qc8 8.
Nf3 Nf6 9. Ng5 d5 10. exd5 exd5 0-1

[Event "AUTO-BEG-32"]
[Site "http://www.queenalice.com/game.php?id=180268"]
[Date "2007.3.11"]
[Round "2"]
[White "PedroAntonio"]
[Black "ak_9106"]
[Result "1-0"]
[WhiteElo "1537"]
[BlackElo "1462"]

1. d4 d5 2. Nc3 Nf6 3. f4 Bf5 4. Nf3 e6 5. e3 Nbd7 6. Bd3 Bxd3 7. cxd3 Be7 8.
O-O O-O 9. e4 dxe4 10. dxe4 Bb4 11. e5 1-0